000 00362nam a2200157Ia 4500
008 230917s9999||||xx |||||||||||||| ||und||
020 _cRS70.92
040 _e135941
_aMAIN
041 _aEnglish
082 _a822.09 B633M
100 _aBogard
245 0 _aModern drama
260 _aLondon
_bOxford University Press
_c1965
300 _a388 p.
942 _cBK
999 _c78928
_d78928